000 00579nam a2200217Ia 4500
003 OSt
005 20221007062957.0
006 a|||||r|||| 00| 0
007 ta
008 221006b |||||||| |||| 00| 0 eng d
024 _a906
037 _cTextual
040 _aFLL
_cFLL
_beng
041 _2eng
_aeng
082 _aX:9:Z2, K8;6
100 _aIndian Law Institute
245 0 _aLabour Law and Laabour Relations
260 _aBombay
_bN.M. Tripathi India
_c1968
942 _hX:9:Z2, K8;6
_cTEXL
_2CC
999 _c1130005
_d1130005